Central civil services rules (pension) 1972 (Record no. 4004)

MARC details
000 -LEADER
fixed length control field 00477nam a2200169Ia 4500
003 - CONTROL NUMBER IDENTIFIER
control field IN-BaIIA
008 - FIXED-LENGTH DATA ELEMENTS--GENERAL INFORMATION
fixed length control field 211028s9999 xx 000 0 eng d
040 ## - CATALOGING SOURCE
Transcribing agency IIA Library
080 ## - UNIVERSAL DECIMAL CLASSIFICATION NUMBER
Universal Decimal Classification number 658.31
Item number LAL
100 ## - MAIN ENTRY--PERSONAL NAME
Personal name Lalvani, J M
9 (RLIN) 7080
245 #0 - TITLE STATEMENT
Title Central civil services rules (pension) 1972
Statement of responsibility, etc. J. M. Lalvani
260 ## - PUBLICATION, DISTRIBUTION, ETC.
Place of publication, distribution, etc. New Delhi
Name of publisher, distributor, etc. Ministry of Finance
Date of publication, distribution, etc. 1972
300 ## - PHYSICAL DESCRIPTION
Extent 159p.
650 ## - SUBJECT ADDED ENTRY--TOPICAL TERM
Topical term or geographic name entry element Central Government Rules
9 (RLIN) 7081
650 ## - SUBJECT ADDED ENTRY--TOPICAL TERM
Topical term or geographic name entry element Public Adminstration
9 (RLIN) 7082
942 ## - ADDED ENTRY ELEMENTS (KOHA)
Koha item type Books
Holdings
Withdrawn status Lost status Damaged status Not for loan Home library Current library Shelving location Date acquired Cost, normal purchase price Total Checkouts Full call number Barcode Date last seen Cost, replacement price Price effective from Koha item type Purchase Price
        IIA Library-Bangalore IIA Library-Kodaikanal General Stacks 19/08/1972 2.75   658.31/ LAL 4469 05/11/2021 2.75 19/08/1972 Books Rs. 2.75

Powered by Koha